Numbers 1-90 - Statistics

General Stats
  • This quiz has been taken 23 times
  • The average score is 66 of 90
Answer Stats
Hint Answer % Correct
1 1
94%
2 2
88%
3 3
88%
8 8
88%
4 4
81%
5 5
81%
6 6
81%
7 7
81%
11 11
75%
12 12
75%
13 13
75%
14 14
75%
15 15
75%
16 16
75%
17 17
75%
18 18
75%
19 19
75%
20 20
75%
21 21
75%
22 22
75%
23 23
75%
24 24
75%
25 25
75%
26 26
75%
27 27
75%
28 28
75%
29 29
75%
31 31
75%
32 32
75%
33 33
75%
35 35
75%
36 36
75%
37 37
75%
38 38
75%
39 39
75%
41 41
75%
42 42
75%
43 43
75%
44 44
75%
45 45
75%
46 46
75%
47 47
75%
48 48
75%
49 49
75%
51 51
75%
52 52
75%
53 53
75%
54 54
75%
55 55
75%
56 56
75%
57 57
75%
58 58
75%
59 59
75%
83 83
75%
84 84
75%
85 85
75%
86 86
75%
87 87
75%
9 9
75%
10 10
69%
30 30
69%
34 34
69%
40 40
69%
50 50
69%
61 61
69%
62 62
69%
63 63
69%
64 64
69%
65 65
69%
66 66
69%
68 68
69%
69 69
69%
71 71
69%
72 72
69%
76 76
69%
81 81
69%
82 82
69%
88 88
69%
89 89
69%
90 90
69%
60 60
63%
67 67
63%
70 70
63%
73 73
63%
74 74
63%
75 75
63%
77 77
63%
78 78
63%
79 79
63%
80 80
63%
No matching quizzes found
Score Distribution
Percent of People with Each Score
Percentile by Number Answered
Your Score History
You have not taken this quiz